000 00946cam a2200289 a 4500
999 _c1174
_d1174
001 2072226
003 GZU
005 20200929101505.0
008 960105s1996 nyua b 001 0 eng
010 _a 94074759
020 _a0312101597
040 _aDLC
_cDLC
_dDLC
050 0 0 _aH61
_bNAC 1996
082 0 0 _a300/.72
_220
100 1 _aFrankfort-Nachmias, Chava.
245 1 0 _aResearch methods in the social sciences /
_cChava Frankfort-Nachmias, David Nachmias.
250 _a5th ed.
260 _aNew York :
_bSt. Martin's Press,
_cc1996.
300 _axxii, 600, 17 p. :
_bill. ;
_c24 cm.
504 _aIncludes bibliographical references and indexes.
650 0 _aSocial sciences
_xMethodology.
650 0 _aSocial sciences
_xResearch.
700 1 _aNachmias, David.
906 _a7
_bcbc
_corignew
_d2
_eopcn
_f19
_gy-gencatlg
942 _cBK
_h61
_iNAC
_kH